000 00390nam a22001571a 4500
020 _a9780099552413
082 _a158.1
_bTHO/I
100 _aThomas A Harris
245 _aI'm ok - you 're ok/
_cby Thomas A Harris
260 _aLondon:
_bArrow books,
_c1970.
300 _a269p.
650 _aTransactional Analysis
650 _aSelf Realization
650 _aPsychology
942 _cBK
999 _c19080
_d19080